Nihon shihonshugi no hansei /
Saved in:
| Other Authors: | |
|---|---|
| Format: | Book |
| Language: | Japanese |
| Published: |
Tōkyō :
Sangyō Nōritsu Tanki Daigaku Shuppanbu,
Shōwa 49 [1974]
|
| Edition: | Shohan. |
| Subjects: | |
| Tags: |
Add Tag
No Tags, Be the first to tag this record!
|
| LEADER | 00932nam a2200265ua 4500 | ||
|---|---|---|---|
| 001 | 007765712-8 | ||
| 005 | 20024617120653.0 | ||
| 008 | 920915s1974 ja 000 0 jpn d | ||
| 035 | 0 | |a ocm26836886 | |
| 040 | |a NN |c NN |d *YNH* |d CStRLIN | ||
| 245 | 0 | 0 | |6 880-01 |a Nihon shihonshugi no hansei / |c Ōgiya, Shōzō hencho. |
| 250 | |6 880-02 |a Shohan. | ||
| 260 | |6 880-03 |a Tōkyō : |b Sangyō Nōritsu Tanki Daigaku Shuppanbu, |c Shōwa 49 [1974] | ||
| 300 | |a 2 v. : |b ill. ; |c 19 cm. | ||
| 500 | |a In Japanese. | ||
| 651 | 0 | |a Japan |x Economic conditions |y 1945- | |
| 651 | 0 | |a Japan |x Social conditions |y 1945- | |
| 650 | 0 | |a Capitalism. | |
| 700 | 1 | |6 880-04 |a Ōgiya, Shōzō, |d 1913- | |
| 880 | 0 | 0 | |6 245-01 |a 日本資本主義の反省 / |c 扇谷正造編著. |
| 880 | |6 250-02 |a 初版. | ||
| 880 | |6 260-03 |a 東京 : |b 産業能率短期大学出版部, |c 昭和 49 [1974] | ||
| 880 | 1 | |6 700-04 |a 扇谷正造, |d 1913- | |
| 988 | |a 20021217 | ||
| 906 | |0 OCLC | ||


